| 000 | 00499nam a22001697a 4500 | ||
|---|---|---|---|
| 999 |
_c9147 _d9147 |
||
| 008 | 210325b ||||| |||| 00| 0 eng d | ||
| 040 | _aBMS College of Architecture | ||
| 100 | _aNahar, D, Ranjitha | ||
| 245 | _aCenter for learning Bangalore | ||
| 300 | _aNA | ||
| 500 | _a1BM05AT035 | ||
| 502 |
_8B.Arch _NBMS College of Architecture, Visvesvaraya Technological University _aProject report _d2010 |
||
| 650 | _aNA | ||
| 700 |
_aK Manjula _eGuide |
||
| 700 |
_aPushpa D _eGuide |
||
| 942 |
_2ddc _cTHE |
||